000 01154cam a2200301 a 4500
999 _c9362
_d9362
001 4506457
003 GZU
005 20210614153016.0
008 980407s1999 nyu 000 0 eng
010 _a 98021053
020 _a0195104056 (pbk. : alk. paper)
040 _aDLC
_cDLC
_dDLC
043 _an-us---
050 0 0 _aKF9779.
_bREA 1999
082 0 0 _a345.73/08
_221
245 0 0 _aReadings in juvenile justice administration /
_cedited by Barry C. Feld.
260 _aNew York :
_bOxford University Press,
_c1999.
300 _aviii, 372 p. ;
_c24 cm.
440 0 _aReadings in crime and punishment
650 0 _aJuvenile justice, Administration of
_zUnited States.
650 0 _aJuvenile courts
_zUnited States.
700 1 _aFeld, Barry C.
856 4 2 _3Publisher description
_uhttp://www.loc.gov/catdir/enhancements/fy0605/98021053-d.html
856 4 1 _3Table of contents only
_uhttp://www.loc.gov/catdir/enhancements/fy0605/98021053-t.html
906 _a7
_bcbc
_corignew
_d1
_eocip
_f19
_gy-gencatlg
942 _2lcc
_cBK
_h9779
_iREA
_kKF